ASTANGSANGRAH SWASTAVARTTAM (Record no. 496935)

MARC details
000 -LEADER
fixed length control field 00364pam a2200157a 44500
008 - FIXED-LENGTH DATA ELEMENTS--GENERAL INFORMATION
fixed length control field 230515b1940 xxu||||| |||| 00| 0 eng d
020 ## - INTERNATIONAL STANDARD BOOK NUMBER
International Standard Book Number NULL
041 ## - LANGUAGE CODE
Language code of text/sound track or separate title SANSKRIT
082 ## - DEWEY DECIMAL CLASSIFICATION NUMBER
Classification number 1
100 ## - MAIN ENTRY--PERSONAL NAME
Personal name KIJAWADEKAR
245 ## - TITLE STATEMENT
Title ASTANGSANGRAH SWASTAVARTTAM
250 ## - EDITION STATEMENT
Edition statement 2
260 ## - PUBLICATION, DISTRIBUTION, ETC.
Place of publication, distribution, etc. SANGALI
Name of publisher, distributor, etc. N.D.
Date of publication, distribution, etc. 1940
300 ## - PHYSICAL DESCRIPTION
Extent 100
650 ## - SUBJECT ADDED ENTRY--TOPICAL TERM
Topical term or geographic name entry element ASTANGSANGRAH SWASTAVARTTAM
Holdings
Withdrawn status Lost status Damaged status Not for loan Home library Current library Shelving location Date acquired Source of acquisition Cost, normal purchase price Total Checkouts Full call number Barcode Date last seen Price effective from Koha item type
        College of Ayurved, Pune College of Ayurved, Pune   22/12/2011 N/A 300.00   1 ACP-DO-5 05/03/2025 28/06/2023 Book